书目信息 |
| 书名: | Longman guide to English usage | |
| 作者: | ||
| 分册号: | ||
| 分册名: | 出版地: | Harlow, Essex : |
|
| 出版社: | Longman | |
| 出版时间: | 1988. | |
| 页数: | 786 p. ; | |
| 开本: | 23 cm. : | |
| 丛书名: | ||
| 中图分类号: | ||
| 科图分类号: | ||
| 其他分类号: | H313-62 | |
| 主题词: | ||
| 电子资源: | ||
| 000 | 00612nam 2200217 a 4500 | |
| 001 | E0738176322 | |
| 005 | 20070303103628.23 | |
| 008 | 001 0 eng | |
| 008 | uu | |
| 008 | uu | |
| 040 | @aNLC | |
| 049 | @aN5LA | |
| 090 | @a2G-91/H316/L856///////848550/*985243/ cop.2 | |
| 090 | @aH313-62 | |
| 096 | @aH316 @v2 | |
| 099 | @dH313-62@ex51 | |
| 245 | 00 | @aLongman guide to English usage |
| 260 | @aHarlow, Essex :@bLongman,@c1988. | |
| 300 | @a786 p. ;@c23 cm. :@b00 ;@c20020930@lNLC09@h2246@lNLC09@h2259@lNLC09@h1850 | |
| 852 | 9 | @bWWJC @cJ09 @k2G-91 @hH316 @iL856 |
| 852 | 9 | @bGJSS @k2G-91 @hH316 @iL856 |
| Longman guide to English usage.-Harlow, Essex : : Longman, , 1988. |
| 786 p. ; ; 23 cm. : : 00 ; ; 20020930 |
| ISBN |
| ● |
| 相关链接 |
|
|
|
|
正题名:Longman guide to English usage
索取号:H313-62/x51
 
预约/预借
| 序号 | 登录号 | 条形码 | 馆藏地/架位号 | 状态 | 备注 |
| 1 | 0184357 | 001300915 | 第二样本阅览室/ [索取号:H313-62/x51] | 在馆 | |
| 2 | 0184358 | 202458900 | 第四借阅区/ [索取号:H313-62/x51] | 在馆 |